Minecraft Items that Start with I - Statistics

General Stats
  • This quiz has been taken 16 times
  • The average score is 15 of 27
Answer Stats
Answer % Correct
Iron Axe
90%
Iron Boots
90%
Iron Helmet
90%
Iron Hoe
90%
Iron Pickaxe
90%
Iron Shovel
90%
Iron Sword
90%
Iron Chestplate
80%
Iron Door
80%
Iron Ingot
80%
Iron Ore
80%
Iron Leggings
70%
Iron Nugget
70%
Iron Trapdoor
70%
Ice
50%
Iron Bars
50%
Ink Sac
40%
Iron Horse Armor
40%
Iron Golem Spawn Egg
30%
Item Frame
20%
Infested Chiseled Stone Bricks
10%
Infested Cobblestone
10%
Infested Cracked Stone Bricks
10%
Infested Deepslate
10%
Infested Mossy Stone Bricks
10%
Infested Stone
10%
Infested Stone Bricks
10%
No matching quizzes found
Score Distribution
Percent of People with Each Score
Percentile by Number Answered
Your Score History
You have not taken this quiz